000 00268nam a22001217a 4500
008 181101b xxu||||| |||| 00| 0 eng d
041 _aeng
080 _22 TH
_a610
100 _a3
101 _aSHM
245 _aDiferental Diagnosis
_cWilliam.C.M
942 _2udc
_cBK
999 _c51432
_d51432